Statistics for Hungarian biggest cities/towns

Click here to take the quiz!

General Stats

  • This quiz has been taken 218 times
  • The average score is 15 of 20

Answer Stats

PopulationCity/Town% Correct
1 740 000Budapest
99%
208 000Debrecen
93%
132 000Győr
87%
157 000Pecs
87%
167 000Miskolc
84%
170 000Szeged
83%
61 000Sopron
77%
102 000Székesfehérvár
76%
56 000Eger
75%
114 000Kecskemét
74%
118 000Nyíregyháza
73%
64 000Veszprém
72%
79 000Szombathely
69%
74 000Szolnok
68%
70 000Tatabánya
66%
62 000Zalaegerszeg
66%
64 000Békéscsaba
63%
68 000Kaposvár
60%
65 000Érd
56%
49 000Nagykanizsa
48%

Score Distribution

Percentile by Number Answered

Percent of People with Each Score

Your Score History

You have not taken this quiz